| 000 | 00409nam a22001577a 4500 | ||
|---|---|---|---|
| 999 |
_c4630 _d4630 |
||
| 003 | GBCCL | ||
| 005 | 20241126110523.0 | ||
| 008 | 180129b xxu||||| |||| 00| 0 eng d | ||
| 040 | _cgbc | ||
| 082 |
_aVER 248.4 _bKHA |
||
| 245 |
_aPianthak zaw ah bang? / _cEdited by Kh. Khaizakham |
||
| 260 |
_bThianneiting, _aImphal: _c2012 |
||
| 300 |
_a85 p.; _c23 cm. |
||
| 650 |
_aChristian life _9183 |
||
| 942 |
_2ddc _cBK _04 |
||